| 000 | 00875cam a2200253 a 4500 | ||
|---|---|---|---|
| 001 | 000006319 | ||
| 005 | 20200929153921.0 | ||
| 008 | 890808s1989 ck a b 001 0 spa c | ||
| 020 | _a958904364X | ||
| 020 | _a9589043593 (Obra completa) | ||
| 040 |
_aDO-SdBNP _bspa _cICU _dBNPHU |
||
| 082 |
_aCo860.44 _bV152E |
||
| 100 | 1 |
_aEspinosa, Germán _d1938-2007 _917627 |
|
| 245 | 1 | 0 |
_aGuillermo Valencia / _cGermán Espinosa. |
| 260 |
_aBogotá : _bProcultura, _c1989. |
||
| 300 |
_a140 p. : _bil. ; retr. ; _c20 cm. |
||
| 490 | 1 |
_aClásicos colombianos _v5 |
|
| 504 | _aIncluye referencias bibliográficas (p. 137-140). | ||
| 650 | 4 |
_aLiteratura colombiana _xHistoria y crítica _917628 |
|
| 600 | 1 | 4 |
_aVALENCIA, GUILLERMO, _d1873-1943 _xCRÍTICA E INTERPRETACIÓN _917629 |
| 830 | 0 |
_aClásicos colombianos ; _v5 _910583 |
|
| 910 | _aCatalogación por copia / LC | ||
| 049 | _aBNGR | ||
| 999 |
_c6114 _d6114 |
||